000
00262nam a22001097a 4500
999
_c
166912
_d
166912
082
_a
_b
100
_a
Samres Basu
245
_a
Pichili raat ki dhoop/
_c
by Samres Basu.
260
_a
New Delhi:
_b
Bharathiya Vidya Prakashan,
_c
1991.
650
_a
942
_c
BK